000 01478nam a2200397 i 4500
001 12180
003 KOSZ 005
005 20250724063751.0
008 070705s1969 pl a f 000 0 pol
015 _aPB 1970/1277
040 _aWA N
_cWA N
_dKOSZ 005/RW
_dKOSZ 005/HR
046 _k1969
080 _a621.01
080 _a531.4
100 1 _aSolski, Paweł.
_eAutor
245 1 0 _aZagadnienia zużycia elementów maszyn spowodowanego tarciem /
_cPaweł Solski, Stefan Ziemba ; Polska Akademia Nauk. Instytut Podstawowych Problemów Techniki.
260 _aWarszawa :
_bPaństwowe Wydawnictwo Naukowe,
_c1969.
300 _a308 stron, [1] karta tablic :
_bilustracje ;
_c25 cm.
336 _aTekst
_btxt
_2rdacontent
337 _aBez urządzenia pośredniczącego
_bn
_2rdamedia
338 _aWolumin
_bnc
_2rdacarrier
380 _aKsiążki.
388 _a1901-2000
490 1 _aBiblioteka Mechaniki Stosowanej.
504 _aBibliografia przy rozdziałach.
658 _aInżynieria i technika
650 4 _aMaszyny
650 4 _aNiezawodność urządzeń
650 4 _aOchrona i konserwacja
650 4 _aTarcie (fizyka)
710 2 _aPaństwowe Wydawnictwo Naukowe
_4pbl.
700 1 _aZiemba, Stefan
_d(1907-1994)
_eAutor
856 _uhttp://koha.tu.koszalin.pl/cgi-bin/koha/opac-detail.pl?biblionumber=12180
_yKatalog online BPK
830 0 _aBiblioteka Mechaniki Stosowanej
942 _2UKD
_cKS
999 _c12180
_d12180